produits de 4 nombres à 1 chiffres - Statistiques

Statistiques générales
  • Ce quiz a été pris 19 fois
    11 depuis la dernière actualisation
  • Le résultat moyen est 25 sur 76
Statistiques - réponses
produit nombre % Correct
3x5x5x9 675
100%
4x4x5x6 480
90%
5x5x6x6 900
90%
3x3x5x9 405
80%
3x3x8x9 648
80%
4x4x7x8 896
80%
3x5x8x8 960
80%
3x4x4x9 432
70%
3x5x5x6 450
60%
4x4x5x9 720
60%
3x4x4x6 288
50%
3x5x6x8 720
50%
3x3x9x9 729
50%
4x6x6x7 1008
40%
3x3x4x6 216
40%
3x3x4x7 252
40%
3x4x4x8 384
40%
3x3x7x8 504
40%
3x6x6x7 756
40%
4x4x7x7 784
40%
4x4x6x9 864
40%
3x6x7x7 882
40%
3x5x7x9 945
40%
3x6x7x8 1008
30%
3x3x7x7 441
30%
3x4x6x7 504
30%
4x4x5x7 560
30%
4x4x6x6 576
30%
3x5x6x7 630
30%
3x4x8x8 768
30%
4x4x6x8 768
30%
4x4x7x9 1008
20%
4x4x8x8 1024
20%
5x5x6x7 1050
20%
3x3x4x4 144
20%
3x3x4x5 180
20%
3x3x5x5 225
20%
3x4x4x5 240
20%
3x3x5x6 270
20%
3x3x4x8 288
20%
3x3x5x7 315
20%
3x3x6x6 324
20%
3x3x4x9 324
20%
3x4x4x7 336
20%
3x4x5x6 360
20%
3x3x5x8 360
20%
3x3x6x7 378
20%
4x4x5x5 400
20%
3x4x5x7 420
20%
3x4x6x6 432
20%
3x3x6x8 432
20%
3x4x5x8 480
20%
3x3x6x9 486
20%
3x5x5x7 525
20%
3x4x5x9 540
20%
3x5x6x6 540
20%
3x3x7x9 567
20%
3x4x6x8 576
20%
3x3x8x8 576
20%
3x4x7x7 588
20%
3x5x5x8 600
20%
4x4x5x8 640
20%
3x4x6x9 648
20%
4x4x6x7 672
20%
3x4x7x8 672
20%
4x5x6x6 720
20%
3x5x7x7 735
20%
3x4x7x9 756
20%
3x5x6x9 810
20%
3x5x7x8 840
20%
4x5x6x7 840
20%
3x4x8x9 864
20%
3x6x6x8 864
20%
4x5x6x8 960
20%
3x4x9x9 972
20%
3x6x6x9 972
20%
Aucun quiz correspondant
Distribution des résultats
% des personnes avec chaque résultat
Percentile par nombre de réponses
Votre historique - résultats
Vous n’avez pas pris ce quiz depuis la dernière actualisation